Top 10 Nirvana Song - Statistics

General Stats
  • This quiz has been taken 283 times
  • The average score is 7 of 10
Answer Stats
Hint Answer % Correct
1 Smells Like Teen Spirit
97%
3 Come As You Are
90%
2 Heart Shaped Box
84%
4 Lithium
78%
9 In Bloom
62%
7 Rape Me
59%
5 About A Girl
56%
6 All Apologies
51%
10 Polly
47%
8 Drain You
38%
No matching quizzes found
Score Distribution
Percent of People with Each Score
Percentile by Number Answered
Your Score History
You have not taken this quiz